U.S. States by Abbreviations and Borders in 15 Seconds - Statistics

General Stats
  • This quiz has been taken 238 times
  • The average score is 33 of 50
Answers on the Map
Answers color-coded by a green-red scale on the quiz's map according to % correct below.
 
Answer Stats
State % Correct
Tennessee
89%
Arkansas
87%
Oklahoma
87%
Missouri
85%
Nebraska
85%
Georgia
83%
Alabama
82%
Iowa
82%
Kentucky
82%
Nevada
80%
Oregon
80%
Idaho
78%
Kansas
78%
Texas
78%
Wyoming
78%
Florida
77%
Louisiana
77%
Colorado
76%
New Mexico
76%
South Dakota
72%
Wisconsin
72%
Arizona
71%
California
71%
Illinois
70%
Utah
70%
Massachusetts
69%
New York
69%
Ohio
69%
Connecticut
68%
Indiana
67%
Vermont
67%
Pennsylvania
64%
Michigan
63%
Montana
63%
Mississippi
62%
North Carolina
61%
Washington
61%
Minnesota
57%
North Dakota
55%
Virginia
54%
West Virginia
53%
New Hampshire
52%
New Jersey
52%
Rhode Island
44%
South Carolina
44%
Maryland
38%
Alaska
33%
Maine
33%
Hawaii
31%
Delaware
22%
No matching quizzes found
Score Distribution
Percent of People with Each Score
Percentile by Number Answered
Your Score History
You have not taken this quiz